| 000 | 00825nam a2200229 a 4500 | ||
|---|---|---|---|
| 001 | 39520 | ||
| 003 | BD-RjUL | ||
| 005 | 20211209053016.0 | ||
| 008 | 160412s1958 bg ||||e |||| 00| 0 ben d | ||
| 020 | _c:PRs.3.00 | ||
| 035 | _a(BD-RjUL)39633 | ||
| 040 |
_aBD-RjUL _bben _cBD-RjUL |
||
| 041 | _aben | ||
| 082 |
_223 _a891.443 _bAHF 1958 |
||
| 100 |
_aআহ্মদ, আবুল মুনসুর _9117726 |
||
| 245 |
_aফুড কন্ফারেন্স / _cআবুল মুনসুর আহ্মদ |
||
| 260 |
_aঢাকা : _bনওরোজ কিতাবিস্তান, _c১৯৫৮ |
||
| 300 |
_a[৪] ১৮৫ পৃ. : _bচিত্র ; _c১৮ সে.মি. |
||
| 650 |
_aবাংলা উপন্যাস _9121766 |
||
| 650 |
_aBengali fiction _9121767 |
||
| 942 |
_2ddc _cBK |
||
| 999 |
_c39520 _d39520 |
||